000 01196nam0a22002891 4500
001 v19\rc\1865489
005 20260406105139.0
035 _a(NLR Aleph) 005263913
090 _a5929522
_c5929522
100 _a20080221d1909 |||y0rusy50 ca
101 1 _arus
_cger
102 _aRU
105 _ay z |||a|
200 1 _aЖенщина-адвокат
_eКомедия в 3 д.
_fМ. Шенау и А. Липшиц
_gПриспособлена для рус. сцены В.О. Шмидт
210 _aМосква
_cС.Ф. Рассохин
_d[1909]
215 _a82 с.
_d23
309 _aНапеч. на пиш. маш. Литогр.
700 1 _8rus
_7ca
_aШенау
_bВ.
_f1866-
_gВальтер
_3RU\NLR\AUTH\77101944
_984870
701 1 _8rus
_7ca
_aЛипшиц
_bА.
_f1871-
_gАртур
_3RU\NLR\AUTH\77101391
_984317
702 1 _4570
_8rus
_7ca
_aШмидт
_bВ. О.
_cдраматург, переводчик
_gВера Осиповна
_3RU\NLR\AUTH\77100319
_983245
801 0 _aRU
_bNLR
_c20080221
_gpsbo
801 0 _aRU
_bRuMoRGB
_c20080221
_2psbo
801 1 _aRU
_bProSoft-M
_c20080221
_2rusmarc
801 2 _aRU
_bNLR
_c20110804
_2rusmarc
852 _aNLR
_j34.53.5.1200
942 _cBOOK
980 _aNB